| 000 | 01264cam a22003617a 4500 | ||
|---|---|---|---|
| 005 | 20260322212017.0 | ||
| 008 | data | ||
| 010 | _a 2012554447 | ||
| 016 | 7 |
_a016225403 _2Uk |
|
| 020 | _a9781465408518 | ||
| 020 | _a1465408517 | ||
| 020 | _a1465408517 | ||
| 040 |
_aBTCTA _beng _cBTCTA _dDLC _dBDX _dNZROP _dOCLCO _dJST _dFOLLT _dDLC |
||
| 042 | _alccopycat | ||
| 050 | 0 | 0 |
_aSF442 _b.C66 2013 |
| 082 | 0 | 4 |
_a636.8 _223 |
| 092 | _a636.8 C66 2013 | ||
| 245 | 0 | 4 |
_aThe complete cat breed book / _cedited by Kim Dennis-Bryan & DK Publishing, Inc. |
| 246 | 1 |
_iTitle appears on item as: _aDK the complete cat breed book. |
|
| 250 | _a1st American ed. | ||
| 260 |
_aNew York : _bDK Publishing, _c2013. |
||
| 300 |
_a256 p. : _bcol. ill. ; _c25 cm. |
||
| 504 | _aIncludes index. | ||
| 650 | 0 | _aCat breeds. | |
| 650 | 7 |
_aPets. _2eflch |
|
| 700 | 1 | _aDennis-Bryan, Kim. | |
| 710 | 2 | _aDK Publishing, Inc. | |
| 856 | 4 | 2 |
_3Publisher description _uhttp://www.loc.gov/catdir/enhancements/fy1313/2012554447-d.html |
| 906 |
_a7 _bcbc _ccopycat _d2 _encip _f20 _gy-gencatlg |
||
| 925 | 0 |
_aacquire _b2 shelf copies _xpolicy default |
|
| 955 | _txh14 2013-06-27 copy 2 to CALM | ||
| 001 | data | ||
| 999 |
_c372 _d372 |
||